<?xml version="1.0" encoding="UTF-8"?>
<record
    xmlns:xsi="http://www.w3.org/2001/XMLSchema-instance"
    xsi:schemaLocation="http://www.loc.gov/MARC21/slim http://www.loc.gov/standards/marcxml/schema/MARC21slim.xsd"
    xmlns="http://www.loc.gov/MARC21/slim">

  <leader>00405nam a22001577a 4500</leader>
  <datafield tag="999" ind1=" " ind2=" ">
    <subfield code="c">489</subfield>
    <subfield code="d">489</subfield>
  </datafield>
  <datafield tag="082" ind1=" " ind2=" ">
    <subfield code="a">530 JAY</subfield>
  </datafield>
  <datafield tag="100" ind1=" " ind2=" ">
    <subfield code="a">Jayathilaka,D.L.N</subfield>
  </datafield>
  <datafield tag="245" ind1=" " ind2=" ">
    <subfield code="a">Electronics : Unit 2:Analog Electronics</subfield>
  </datafield>
  <datafield tag="260" ind1=" " ind2=" ">
    <subfield code="a">Colombo</subfield>
    <subfield code="b">Open University</subfield>
    <subfield code="c">2010</subfield>
  </datafield>
  <datafield tag="300" ind1=" " ind2=" ">
    <subfield code="a">138p</subfield>
  </datafield>
  <datafield tag="490" ind1=" " ind2=" ">
    <subfield code="a">Analog Electronics :PYU 2262</subfield>
  </datafield>
  <datafield tag="505" ind1=" " ind2=" ">
    <subfield code="a">Bachelor Science :Level 3</subfield>
  </datafield>
  <datafield tag="650" ind1=" " ind2=" ">
    <subfield code="a"> physics</subfield>
    <subfield code="a">Analog Electronics</subfield>
  </datafield>
  <datafield tag="650" ind1=" " ind2=" ">
    <subfield code="a">OUSL</subfield>
  </datafield>
  <datafield tag="942" ind1=" " ind2=" ">
    <subfield code="c">BK</subfield>
  </datafield>
  <datafield tag="952" ind1=" " ind2=" ">
    <subfield code="0">0</subfield>
    <subfield code="1">0</subfield>
    <subfield code="7">0</subfield>
    <subfield code="8">NFIC</subfield>
    <subfield code="a">MLCampus</subfield>
    <subfield code="b">MLCampus</subfield>
    <subfield code="c">GEN</subfield>
    <subfield code="d">2015-04-21</subfield>
    <subfield code="l">1</subfield>
    <subfield code="o">530 JAY</subfield>
    <subfield code="p">006659</subfield>
    <subfield code="r">2025-04-19 08:15:17</subfield>
    <subfield code="s">2025-04-11</subfield>
    <subfield code="y">REF</subfield>
  </datafield>
  <datafield tag="952" ind1=" " ind2=" ">
    <subfield code="0">0</subfield>
    <subfield code="1">0</subfield>
    <subfield code="7">0</subfield>
    <subfield code="8">NFIC</subfield>
    <subfield code="a">IC</subfield>
    <subfield code="b">IC</subfield>
    <subfield code="c">GEN</subfield>
    <subfield code="d">2015-04-21</subfield>
    <subfield code="l">0</subfield>
    <subfield code="o">530 JAY</subfield>
    <subfield code="p">006660</subfield>
    <subfield code="r">2015-04-21 00:00:00</subfield>
    <subfield code="y">REF</subfield>
  </datafield>
  <datafield tag="952" ind1=" " ind2=" ">
    <subfield code="0">0</subfield>
    <subfield code="1">0</subfield>
    <subfield code="7">0</subfield>
    <subfield code="8">NFIC</subfield>
    <subfield code="a">IC</subfield>
    <subfield code="b">IC</subfield>
    <subfield code="c">GEN</subfield>
    <subfield code="d">2015-04-21</subfield>
    <subfield code="l">37</subfield>
    <subfield code="m">3</subfield>
    <subfield code="o">530 JAY</subfield>
    <subfield code="p">006661</subfield>
    <subfield code="r">2025-05-17 11:33:05</subfield>
    <subfield code="s">2025-05-08</subfield>
    <subfield code="w">2015-04-21</subfield>
    <subfield code="y">BK</subfield>
  </datafield>
  <datafield tag="952" ind1=" " ind2=" ">
    <subfield code="0">0</subfield>
    <subfield code="1">0</subfield>
    <subfield code="7">0</subfield>
    <subfield code="8">NFIC</subfield>
    <subfield code="a">IC</subfield>
    <subfield code="b">IC</subfield>
    <subfield code="c">GEN</subfield>
    <subfield code="d">2015-04-21</subfield>
    <subfield code="l">34</subfield>
    <subfield code="m">2</subfield>
    <subfield code="o">530 JAY</subfield>
    <subfield code="p">006662</subfield>
    <subfield code="r">2023-10-14 09:00:04</subfield>
    <subfield code="s">2023-10-08</subfield>
    <subfield code="w">2015-04-21</subfield>
    <subfield code="y">BINDING </subfield>
  </datafield>
  <datafield tag="952" ind1=" " ind2=" ">
    <subfield code="0">0</subfield>
    <subfield code="1">0</subfield>
    <subfield code="7">0</subfield>
    <subfield code="8">NFIC</subfield>
    <subfield code="a">MLCampus</subfield>
    <subfield code="b">MLCampus</subfield>
    <subfield code="c">GEN</subfield>
    <subfield code="d">2015-05-28</subfield>
    <subfield code="l">43</subfield>
    <subfield code="m">1</subfield>
    <subfield code="o">530 JAY</subfield>
    <subfield code="p">006663</subfield>
    <subfield code="r">2025-05-18 13:07:27</subfield>
    <subfield code="s">2025-05-10</subfield>
    <subfield code="w">2015-05-28</subfield>
    <subfield code="y">BK</subfield>
  </datafield>
  <datafield tag="952" ind1=" " ind2=" ">
    <subfield code="0">0</subfield>
    <subfield code="1">0</subfield>
    <subfield code="7">0</subfield>
    <subfield code="8">NFIC</subfield>
    <subfield code="a">MLCampus</subfield>
    <subfield code="b">MLCampus</subfield>
    <subfield code="c">GEN</subfield>
    <subfield code="d">2015-10-07</subfield>
    <subfield code="g">325.00</subfield>
    <subfield code="l">26</subfield>
    <subfield code="o">530 JAY</subfield>
    <subfield code="p">006991</subfield>
    <subfield code="r">2025-05-16 11:40:46</subfield>
    <subfield code="s">2025-05-04</subfield>
    <subfield code="w">2015-10-07</subfield>
    <subfield code="y">BK</subfield>
  </datafield>
  <datafield tag="952" ind1=" " ind2=" ">
    <subfield code="0">0</subfield>
    <subfield code="1">0</subfield>
    <subfield code="7">0</subfield>
    <subfield code="8">NFIC</subfield>
    <subfield code="a">IC</subfield>
    <subfield code="b">IC</subfield>
    <subfield code="c">GEN</subfield>
    <subfield code="d">2015-10-07</subfield>
    <subfield code="g">325.00</subfield>
    <subfield code="l">29</subfield>
    <subfield code="m">2</subfield>
    <subfield code="o">530 JAY</subfield>
    <subfield code="p">006992</subfield>
    <subfield code="r">2024-04-01 11:22:05</subfield>
    <subfield code="s">2024-03-20</subfield>
    <subfield code="w">2015-10-07</subfield>
    <subfield code="y">BINDING </subfield>
  </datafield>
  <datafield tag="952" ind1=" " ind2=" ">
    <subfield code="0">0</subfield>
    <subfield code="1">0</subfield>
    <subfield code="7">0</subfield>
    <subfield code="8">NFIC</subfield>
    <subfield code="a">MLCampus</subfield>
    <subfield code="b">MLCampus</subfield>
    <subfield code="c">GEN</subfield>
    <subfield code="d">2015-10-07</subfield>
    <subfield code="g">325.00</subfield>
    <subfield code="l">37</subfield>
    <subfield code="m">3</subfield>
    <subfield code="o">530 JAY</subfield>
    <subfield code="p">006993</subfield>
    <subfield code="r">2025-05-24 12:47:08</subfield>
    <subfield code="s">2025-05-11</subfield>
    <subfield code="w">2015-10-07</subfield>
    <subfield code="y">BK</subfield>
  </datafield>
  <datafield tag="952" ind1=" " ind2=" ">
    <subfield code="0">0</subfield>
    <subfield code="1">0</subfield>
    <subfield code="7">0</subfield>
    <subfield code="8">NFIC</subfield>
    <subfield code="a">MLCampus</subfield>
    <subfield code="b">MLCampus</subfield>
    <subfield code="c">GEN</subfield>
    <subfield code="d">2015-10-07</subfield>
    <subfield code="g">325.00</subfield>
    <subfield code="l">28</subfield>
    <subfield code="o">530 JAY</subfield>
    <subfield code="p">006994</subfield>
    <subfield code="r">2025-05-17 12:12:49</subfield>
    <subfield code="s">2025-05-09</subfield>
    <subfield code="w">2015-10-07</subfield>
    <subfield code="y">BK</subfield>
  </datafield>
  <datafield tag="952" ind1=" " ind2=" ">
    <subfield code="0">0</subfield>
    <subfield code="1">0</subfield>
    <subfield code="7">0</subfield>
    <subfield code="8">NFIC</subfield>
    <subfield code="a">MLCampus</subfield>
    <subfield code="b">MLCampus</subfield>
    <subfield code="c">GEN</subfield>
    <subfield code="d">2015-10-07</subfield>
    <subfield code="g">325.00</subfield>
    <subfield code="l">31</subfield>
    <subfield code="m">6</subfield>
    <subfield code="o">530 JAY</subfield>
    <subfield code="p">006995</subfield>
    <subfield code="r">2025-05-19 11:03:45</subfield>
    <subfield code="s">2025-05-11</subfield>
    <subfield code="w">2015-10-07</subfield>
    <subfield code="y">BK</subfield>
  </datafield>
  <datafield tag="952" ind1=" " ind2=" ">
    <subfield code="0">0</subfield>
    <subfield code="1">0</subfield>
    <subfield code="7">0</subfield>
    <subfield code="8">NFIC</subfield>
    <subfield code="a">MLCampus</subfield>
    <subfield code="b">IC</subfield>
    <subfield code="c">GEN</subfield>
    <subfield code="d">2015-10-07</subfield>
    <subfield code="g">325.00</subfield>
    <subfield code="l">45</subfield>
    <subfield code="m">7</subfield>
    <subfield code="o">530 JAY</subfield>
    <subfield code="p">006996</subfield>
    <subfield code="q">2026-06-01</subfield>
    <subfield code="r">2026-05-07 10:29:01</subfield>
    <subfield code="s">2026-05-07</subfield>
    <subfield code="w">2015-10-07</subfield>
    <subfield code="y">BK</subfield>
  </datafield>
  <datafield tag="952" ind1=" " ind2=" ">
    <subfield code="0">0</subfield>
    <subfield code="1">0</subfield>
    <subfield code="7">0</subfield>
    <subfield code="8">NFIC</subfield>
    <subfield code="a">MLCampus</subfield>
    <subfield code="b">MLCampus</subfield>
    <subfield code="c">GEN</subfield>
    <subfield code="d">2015-10-07</subfield>
    <subfield code="g">325.00</subfield>
    <subfield code="l">33</subfield>
    <subfield code="m">4</subfield>
    <subfield code="o">530 JAY</subfield>
    <subfield code="p">006997</subfield>
    <subfield code="r">2025-05-19 08:00:39</subfield>
    <subfield code="s">2025-05-10</subfield>
    <subfield code="w">2015-10-07</subfield>
    <subfield code="y">BK</subfield>
  </datafield>
  <datafield tag="952" ind1=" " ind2=" ">
    <subfield code="0">0</subfield>
    <subfield code="1">0</subfield>
    <subfield code="7">0</subfield>
    <subfield code="8">NFIC</subfield>
    <subfield code="a">MLCampus</subfield>
    <subfield code="b">MLCampus</subfield>
    <subfield code="c">GEN</subfield>
    <subfield code="d">2015-10-07</subfield>
    <subfield code="g">325.00</subfield>
    <subfield code="l">39</subfield>
    <subfield code="m">5</subfield>
    <subfield code="o">530 JAY</subfield>
    <subfield code="p">006998</subfield>
    <subfield code="r">2025-05-31 10:29:33</subfield>
    <subfield code="s">2025-05-11</subfield>
    <subfield code="w">2015-10-07</subfield>
    <subfield code="y">BK</subfield>
  </datafield>
  <datafield tag="952" ind1=" " ind2=" ">
    <subfield code="0">0</subfield>
    <subfield code="1">0</subfield>
    <subfield code="7">0</subfield>
    <subfield code="8">NFIC</subfield>
    <subfield code="a">IC</subfield>
    <subfield code="b">IC</subfield>
    <subfield code="c">GEN</subfield>
    <subfield code="d">2015-10-07</subfield>
    <subfield code="g">325.00</subfield>
    <subfield code="l">27</subfield>
    <subfield code="m">3</subfield>
    <subfield code="o">530 JAY</subfield>
    <subfield code="p">006999</subfield>
    <subfield code="r">2025-05-17 11:22:25</subfield>
    <subfield code="s">2025-05-14</subfield>
    <subfield code="w">2015-10-07</subfield>
    <subfield code="y">BK</subfield>
  </datafield>
  <datafield tag="952" ind1=" " ind2=" ">
    <subfield code="0">0</subfield>
    <subfield code="1">0</subfield>
    <subfield code="7">0</subfield>
    <subfield code="8">NFIC</subfield>
    <subfield code="a">MLCampus</subfield>
    <subfield code="b">IC</subfield>
    <subfield code="c">GEN</subfield>
    <subfield code="d">2015-10-07</subfield>
    <subfield code="g">325.00</subfield>
    <subfield code="l">35</subfield>
    <subfield code="m">3</subfield>
    <subfield code="o">530 JAY</subfield>
    <subfield code="p">007000</subfield>
    <subfield code="q">2026-06-12</subfield>
    <subfield code="r">2026-05-21 04:53:08</subfield>
    <subfield code="s">2026-05-21</subfield>
    <subfield code="w">2015-10-07</subfield>
    <subfield code="y">BK</subfield>
  </datafield>
  <datafield tag="952" ind1=" " ind2=" ">
    <subfield code="0">0</subfield>
    <subfield code="1">0</subfield>
    <subfield code="7">0</subfield>
    <subfield code="8">NFIC</subfield>
    <subfield code="a">IC</subfield>
    <subfield code="b">IC</subfield>
    <subfield code="c">GEN</subfield>
    <subfield code="d">2019-02-21</subfield>
    <subfield code="l">23</subfield>
    <subfield code="m">5</subfield>
    <subfield code="o">530 JAY</subfield>
    <subfield code="p">007364</subfield>
    <subfield code="q">2026-06-10</subfield>
    <subfield code="r">2026-05-20 10:51:15</subfield>
    <subfield code="s">2026-05-20</subfield>
    <subfield code="w">2019-02-21</subfield>
    <subfield code="y">BK</subfield>
  </datafield>
</record>
